Vincent Van Gogh : la tristeza durará para siempre /

Bibliographic Details
Main Authors: Barilli, Francesco, 1965- (Author), Sakka, 1988- (Author)
Other Authors: Barbany Puig, Rosa (Translator)
Format: Electronic eBook
Language:Spanish
Italian
Published: Barcelona : La otra h, 2024.
Edition:1a edición digital.
Subjects:
Online Access:Digitalia Hispánica

MARC

LEADER 00000nam a2200000 i 4500
001 DIGHERDER0687
003 NyNyDIG
007 cr |||||||||||
008 240509t20242019sp a o 000 0 spa d
006 m o d
035 |a (OCoLC)1433996263 
040 |a DGITA  |b eng  |e rda  |e pn  |c DGITA 
020 |a 9788416763917  |q eBook  |q ePub 
020 |z 9788416763900 
041 1 |a spa  |h ita 
050 1 4 |a PN6790.N43 ebook 
100 1 |a Barilli, Francesco,  |d 1965-  |e author. 
240 1 0 |a Vincent van Gogh.  |l Spanish  |s (Barbany Puig) 
245 1 0 |a Vincent Van Gogh :  |b la tristeza durará para siempre /  |c Barilli, Sakka ; traducción, Rosa Barbany Puig. 
250 |a 1a edición digital. 
264 1 |a Barcelona :  |b La otra h,  |c 2024. 
264 4 |c ©2019 
300 |a 1 online resource :  |b illustrations (chiefly color) 
336 |a text  |b txt  |2 rdacontent 
337 |a computer  |b c  |2 rdamedia 
338 |a online resource  |b cr  |2 rdacarrier 
347 |a text file  |2 rdaft 
347 |b EPUB 
588 0 |a Online resource; title from ePub title page (Digitalia, viewed May 9, 2024) 
600 1 0 |a Gogh, Vincent van,  |d 1853-1890  |v Comic books, strips, etc. 
700 0 |a Sakka,  |d 1988-  |e author. 
700 1 |a Barbany Puig, Rosa,  |e translator. 
700 1 |i Translation of:  |a Barilli, Francesco,  |d 1965-  |t Vincent van Gogh. 
791 2 |a Digitalia (Firm),  |e distributor. 
793 0 |g Digitalia eBook Collection:  |a Herder Editorial 
776 0 8 |i Print version:  |a Barilli, Francesco, 1965-  |s Vincent van Gogh. Spanish (Barbany Puig).  |t Vincent Van Gogh.  |d Barcelona : La otra h, [2024]  |z 9788416763900 
856 4 0 |3 Digitalia Hispánica  |u https://www.digitaliapublishing.com/a/144129/ 
910 |a Premium collection: 2024